Country Connect by Northernmost Point - Statistics

General Stats
  • This quiz has been taken 42,148 times
    39,114 since last reset
  • The average score is 83 of 156
Answers on the Map
Answers color-coded by a green-red scale on the quiz's map according to % correct below.
 
Answer Stats
Country % Correct
Canada
100%
United States
98%
Mexico
96%
Belize
88%
Guatemala
87%
Honduras
86%
Nicaragua
84%
Colombia
83%
Costa Rica
83%
Panama
83%
Venezuela
83%
Guyana
82%
Suriname
82%
France
80%
Denmark
73%
Germany
73%
Poland
69%
Finland
68%
Norway
68%
Russia
68%
Sweden
68%
Belarus
67%
Estonia
67%
Latvia
67%
Lithuania
67%
Ukraine
67%
Austria
66%
Czech Republic
66%
Hungary
66%
Romania
66%
Slovakia
66%
Moldova
65%
Croatia
64%
Italy
64%
Serbia
64%
Slovenia
64%
Switzerland
64%
Liechtenstein
60%
Albania
55%
Azerbaijan
55%
Bosnia and Herzegovina
55%
Bulgaria
55%
Georgia
55%
Iran
55%
Kosovo
55%
Montenegro
55%
North Macedonia
55%
San Marino
55%
Turkey
55%
Vatican City
55%
Afghanistan
54%
Armenia
54%
China
54%
India
54%
Kazakhstan
54%
Kyrgyzstan
54%
Mongolia
54%
Nepal
54%
Pakistan
54%
Tajikistan
54%
Turkmenistan
54%
Uzbekistan
54%
Bangladesh
53%
Cambodia
53%
Indonesia
53%
Laos
53%
Malaysia
53%
Myanmar
53%
Thailand
53%
Vietnam
53%
Papua New Guinea
52%
East Timor
52%
Bhutan
51%
Brunei
51%
North Korea
51%
South Korea
51%
Iraq
50%
Israel
50%
Jordan
50%
Kuwait
50%
Lebanon
50%
Saudi Arabia
50%
Syria
50%
United Arab Emirates
49%
Oman
49%
Yemen
49%
Algeria
48%
Egypt
48%
Libya
48%
Morocco
48%
Qatar
48%
Spain
48%
Tunisia
48%
Andorra
47%
Chad
47%
Eritrea
47%
Mali
47%
Mauritania
47%
Niger
47%
Portugal
47%
Sudan
47%
Cameroon
46%
Central African Republic
46%
Djibouti
46%
Ethiopia
46%
Kenya
46%
Nigeria
46%
Somalia
46%
South Sudan
46%
Benin
45%
Burkina Faso
45%
Ghana
45%
Togo
45%
Gambia
44%
Guinea
44%
Guinea-Bissau
44%
Ivory Coast
44%
Liberia
44%
Senegal
44%
Sierra Leone
43%
D. R. Congo
42%
Equatorial Guinea
42%
Gabon
42%
Rep. of the Congo
42%
Tanzania
42%
Uganda
42%
Angola
41%
Burundi
41%
Namibia
41%
Rwanda
41%
Zambia
41%
Botswana
40%
Eswatini
40%
Lesotho
40%
Malawi
40%
Mozambique
40%
South Africa
40%
Zimbabwe
40%
Belgium
39%
Greece
39%
Netherlands
39%
Luxembourg
38%
Bolivia
35%
Brazil
35%
Ecuador
35%
Peru
35%
Argentina
34%
Chile
34%
Monaco
34%
Paraguay
34%
United Kingdom
34%
Uruguay
34%
Dominican Republic
33%
El Salvador
33%
Haiti
33%
Ireland
33%
No matching quizzes found
Score Distribution
Percent of People with Each Score
Percentile by Number Answered
Your Score History
You have not taken this quiz since the last reset